Trigonometry for the practical man, (Record no. 13285)

MARC details
000 -LEADER
fixed length control field 00771cam a22002411 4500
001 - CONTROL NUMBER
control field 13285
005 - DATE AND TIME OF LATEST TRANSACTION
control field 20250805134223.0
008 - FIXED-LENGTH DATA ELEMENTS--GENERAL INFORMATION
fixed length control field 841015s1931 nyua 000 0 eng
010 ## - LIBRARY OF CONGRESS CONTROL NUMBER
LC control number 31013857
035 ## - SYSTEM CONTROL NUMBER
System control number 2635510
040 ## - CATALOGING SOURCE
Original cataloging agency DLC/ICU
Transcribing agency ICU
Modifying agency DLC
-- BSULIB
050 00 - LIBRARY OF CONGRESS CALL NUMBER
Classification number QA533
Item number .T5
082 00 - DEWEY DECIMAL CLASSIFICATION NUMBER
Classification number 514.5
Item number THO
100 1# - MAIN ENTRY--PERSONAL NAME
Personal name Thompson, James Edgar,
Dates associated with a name 1892-
9 (RLIN) 25786
245 10 - TITLE STATEMENT
Title Trigonometry for the practical man,
Statement of responsibility, etc by J.E. Thompson ...
260 ## - PUBLICATION, DISTRIBUTION, ETC. (IMPRINT)
Place of publication, distribution, etc New York,
Name of publisher, distributor, etc D. Van Nostrand company, inc.,
Date of publication, distribution, etc 1931.
300 ## - PHYSICAL DESCRIPTION
Extent x, 204 p.
Other physical details ill.
Dimensions 20 cm.
440 #0 - SERIES STATEMENT/ADDED ENTRY--TITLE
Title Mathematics for self study
9 (RLIN) 25787
650 #0 - SUBJECT ADDED ENTRY--TOPICAL TERM
Topical term or geographic name as entry element Plane trigonometry.
9 (RLIN) 3905
906 ## - LOCAL DATA ELEMENT F, LDF (RLIN)
a 7
b cbc
c orignew
d u
e ocip
f 19
g y-gencatlg
942 ## - ADDED ENTRY ELEMENTS (KOHA)
Source of classification or shelving scheme Dewey Decimal Classification
Item type Books
Holdings
Withdrawn status Lost status Source of classification or shelving scheme Damaged status Not for loan Home library Current library Shelving location Date acquired Total Checkouts Full call number Barcode Date last seen Copy number Price effective from Koha item type Public note
    Dewey Decimal Classification     Main Library Main Library Open Shelves 05/08/2025   514.5 THO bsu25080026 05/08/2025 001 05/08/2025 Books Material available in hard copy

© 2017 Bishop Stuart University Library. All Rights Reserved.
Kakoba Campus, Plot 150 Buremba Road | P.O. Box 9, Mbarara, UGANDA | Tel: +256-772-463068
Email: library@bsu.ac.ug